Diritti umani e distensione: commenta a due voci tenuto a Roma il 13 aprile 1978, nella sede del Banco di Roma, Sotto Gliauspici del centro italiano di studi per la conciliazione internazionale
Saved in:
| Main Authors: | , |
|---|---|
| Format: | Book |
| Language: | Italian |
| Published: |
Roma
Banco di Roma
1979
|
| Subjects: | |
| Tags: |
Add Tag
No Tags, Be the first to tag this record!
|
MARC
| LEADER | 00000nam a2200000 a 4500 | ||
|---|---|---|---|
| 001 | UCX1815 | ||
| 003 | CL-VaPUC | ||
| 008 | 901107e19790000IT |||||||||||||||||ita|d | ||
| 082 | 0 | 4 | |a 327 |b FAR |2 21 |
| 100 | 0 | |a Farace, Alessandro |e author |9 317507 | |
| 700 | 0 | |a Wollemborg, Leo J |e author |9 317508 | |
| 245 | 1 | 0 | |a Diritti umani e distensione: commenta a due voci tenuto a Roma il 13 aprile 1978, nella sede del Banco di Roma, Sotto Gliauspici del centro italiano di studi per la conciliazione internazionale |
| 300 | |a 37 p | ||
| 942 | |c BK | ||
| 945 | |d 19901107 00:00:00 | ||
| 260 | |a Roma |b Banco di Roma |c 1979 | ||
| 650 | 0 | |a Relaciones Internacionales |9 255740 | |
| 583 | |a last modification |c 19901107 00:00:00 |k Rodrigo Vera | ||
| 999 | |c 222971 |d 222969 | ||
| 952 | |0 0 |1 0 |4 0 |6 327_000000000000000_FAR_1979 |7 0 |8 A |9 218303 |a BIBHIS |b BIBHIS |d 2019-11-15 |i 2871440 |o 327 FAR 1979 |p 2871440 |r 2025-01-20 |w 2019-11-15 |y BK |k HIS | ||